'Seinfeld' Character Blitz Quiz Stats

 Plays Quiz Updated Sep 8, 2015

Score 0/24 Timer 03:00
0 Plays Today
Clue J, G, E, or K % Correct
Blamed post-swimming physical state on 'shrinkage'???
92.1%
Busts out some odd dance moves at a party that become the talk of the workplace???
91.5%
Has bitter parents Frank and Estelle???
91.1%
The only character to appear in every single episode of the series???
90.8%
Accidentally agrees to wear a hideous puffy shirt on 'The Today Show'???
89.9%
Dated (but not for long) a woman with massive 'man-hands'???
89.1%
Inadvertently killed significant other by buying cheap envelopes for wedding invitations that contained toxic glue???
88.9%
The only character to maintain the same career throughout the series???
88.2%
Spits coffee on Kathie Lee Gifford, ruining 'Coffee Tables' book tour???
85.4%
Fired for spreading Communist propaganda to young children while working as a department store Santa???
85.4%
Coined the term 'spongeworthy'???
85.1%
Created the illusion that is Vandelay Industries???
84.7%
Clue J, G, E, or K % Correct
Incorrectly guesses Dolores' name to be 'Mulva,' 'Gipple,' and 'Loreola'???
82%
Wondered aloud if a dingo ate the baby of a woman at a dull social gathering???
80.6%
Discouraged a telemarketer by requesting the caller's home number???
80.2%
Saved a beached whale???
79.8%
The only main character whose mother never appears???
79%
Beat the snot out of some peewee karate students???
77.8%
Won a line in a Woody Allen movie: 'These pretzels are making me thirsty.'???
76.8%
Loses 'The Contest' thanks to a nude neighbor in the window???
75.3%
The only main character who did not grow up in New York???
65.4%
Has soup stolen back by the Soup Nazi after requesting bread???
62.9%
The only main character to not own a car???
61.6%
Had photo taken with President Ford, then had Ford airbrushed out of the picture???
55.1%

You're not logged in!

Compare scores with friends on all Sporcle quizzes.
OR
Log In

Show Comments

Extras

Top Quizzes Today


Score Distribution

Your Account Isn't Verified!

In order to create a playlist on Sporcle, you need to verify the email address you used during registration. Go to your Sporcle Settings to finish the process.

Report this User

Report this user for behavior that violates our Community Guidelines.

Details: